Language Quiz

Random Language or Letter Quiz

Fill-In Words: 3 of 5 Quiz Stats

 Plays Quiz Updated Mar 23, 2020

Support Sporcle.
Go Orange.
Score 0/36 Timer 06:00
0 Plays Today
Clue Answer % Correct
A _ F _ LAWFUL
86.1%
S _ X _ HSIXTH
80%
E _ G _ EEAGLE
77.4%
Y _ E _ DYIELD
73.9%
D _ O _ PDROOP
73.7%
B _ I _ ZBLITZ
70.5%
F _ A _ HFLASH
67.7%
H _ A _ THEART
66.2%
C _ I _ BCLIMB
63.3%
G _ I _ GGOING
63.3%
T _ O _ LTROLL
63.2%
T _ E _ HTEETH
63%
L _ W _ YLOWLY
61%
W _ A _ HWRATH
60.3%
Z _ L _ HZILCH
60.3%
A _ S _ EAISLE
58.8%
P _ I _ PPRIMP
57.2%
J _ I _ EJUICE
57%
Clue Answer % Correct
B _ A _ OBRAVO
56.7%
I _ L _ OIGLOO
56%
D _ I _ DDRIED
55.1%
U _ T _ EUNTIE
54.7%
M _ I _ TMOIST
53.7%
L _ U _ HLAUGH
49.7%
M _ U _ NMOURN
48.1%
N _ E _ ENIECE
47.8%
K _ I _ EKNIFE
47.6%
I _ E _ LIDEAL
47.2%
P _ A _ OPIANO
43%
S _ S _ ISUSHI
41.8%
E _ U _ LEQUAL
41.7%
I _ S _ EISSUE
39.5%
V _ D _ AVODKA
31.9%
T _ I _ HTHIGH
30.4%
O _ G _ TOUGHT
28.7%
R _ Y _ ERHYME
24.1%

From the Vault

Popular Royal Baby Names

by PerryandCharlie1

History 6m
These royal babies are always so popular--these names must be the source of it all.
Remove Ads.
Support Sporcle.
Get the best of Sporcle when you Go Orange. This ad-free experience offers more features, more stats, and more fun while also helping to support Sporcle. Thank you for becoming a member.

Show Comments

Extras

Top Quizzes Today


Score Distribution

Your Account Isn't Verified!

In order to create a playlist on Sporcle, you need to verify the email address you used during registration. Go to your Sporcle Settings to finish the process.

Report this User

Report this user for behavior that violates our Community Guidelines.

Details: